书目信息 |
| 题名: |
3DS MAX住宅公寓效果图制作案例剖析
|
|
| 作者: | 高志清 主编 ;王翔宇 , 王开美 编著 | |
| 分册: | ||
| 出版信息: | 北京 中国水利水电出版社 2006.1 |
|
| 页数: | 328页 | |
| 开本: | 26cm | |
| 丛书名: | 工程案例剖析——效果图制作系列 | |
| 单 册: | ||
| 中图分类: | TU241-39 | |
| 科图分类: | ||
| 主题词: | 住宅--zhu zhai--建筑设计--计算机辅助设计--图形软件 , 计算机辅助设计--ji suan ji fu zhu she ji , 图形软件--tu xing ruan jian , 建筑设计--jian zhu she ji | |
| 电子资源: | ||
| ISBN: | 7-5084-3287-8 | |
| 000 | 01302nam0 2200337 45 | |
| 001 | 012006000000 | |
| 005 | 20061026163448.28 | |
| 010 | @a7-5084-3287-8@dCNY45.00(含光盘) | |
| 010 | @a7-900165-78-9@b光盘 | |
| 100 | @a20060310d2006 em y0chiy0121 ea | |
| 101 | 0 | @achi |
| 102 | @aCN@b110000 | |
| 105 | @ay z 000yy | |
| 200 | 1 | @a3DS MAX住宅公寓效果图制作案例剖析@A3DS MAX zhu zhai gong yu xiao guo tu zhi zuo an li pou xi@f高志清主编@g王翔宇,王开美等编著 |
| 210 | @a北京@c中国水利水电出版社@d2006.1 | |
| 215 | @a328页@c彩图@d26cm@e光盘2片 | |
| 225 | 2 | @a工程案例剖析——效果图制作系列@Agong cheng an li pou xi—— xiao guo tu zhi zuo xi lie |
| 320 | @a有书目(第页) | |
| 330 | @a本书以实际工作流程为基点,通过一系列经典的商业实例,讲述了实际工作中一些很有使用价值和理论指导意义的高级技法。 | |
| 461 | 0 | @12001 @a工程案例剖析——效果图制作系列 |
| 606 | 0 | @a住宅@Azhu zhai@x建筑设计@x计算机辅助设计@x图形软件 |
| 606 | 0 | @a计算机辅助设计@Aji suan ji fu zhu she ji |
| 606 | 0 | @a图形软件@Atu xing ruan jian |
| 606 | 0 | @a建筑设计@Ajian zhu she ji |
| 610 | 0 | @a3DS MAX |
| 690 | @aTU241-39@v4 | |
| 701 | 0 | @a高志清@Agao zhi qing@4主编 |
| 702 | 0 | @a王翔宇@Awang xiang yu@4编著 |
| 702 | 0 | @a王开美@Awang kai mei@4编著 |
| 801 | 0 | @aCN@c20061026 |
| 905 | @a10447@dTU241-39@eG210 | |
| 3DS MAX住宅公寓效果图制作案例剖析/高志清主编/王翔宇,王开美等编著.-北京:中国水利水电出版社,2006.1 |
| 328页:彩图;26cm+光盘2片.-(工程案例剖析——效果图制作系列) |
| ISBN 7-5084-3287-8:CNY45.00(含光盘) |
| 本书以实际工作流程为基点,通过一系列经典的商业实例,讲述了实际工作中一些很有使用价值和理论指导意义的高级技法。 |
| ● |
| 相关链接 |
|
|
|
正题名:3DS MAX住宅公寓效果图制作案例剖析
索取号:TU241-39/G210
 
预约/预借
| 序号 | 登录号 | 条形码 | 馆藏地/架位号 | 状态 | 备注 |
| 1 | 631177 | 206311775 | 建筑库101/101建筑库 60排1列3层/ [索取号:TU241-39/G210] | 在馆 | |
| 2 | 631178 | 206311784 | 建筑库101/101建筑库 60排1列2层/ [索取号:TU241-39/G210] | 在馆 | |
| 3 | 631179 | 206311793 | 建筑库101/101建筑库 60排1列2层/ [索取号:TU241-39/G210] | 在馆 |